'Not Free' Countries Quiz Stats

 Plays Quiz Updated Mar 19, 2021

Support Sporcle.
Go Orange.
Score 0/55 Timer 08:00
0 Plays Today
Country % Correct
China
90.9%
Iran
88%
Iraq
86.2%
North Korea
86.1%
Russia
80.9%
Egypt
74.3%
Libya
73.1%
Zimbabwe
73%
Saudi Arabia
72.9%
Cuba
72.5%
Turkey
71.4%
Kyrgyzstan
70%
Jordan
69.6%
Sudan
68.9%
Venezuela
68.8%
Mali
67.2%
South Sudan
67.1%
Vietnam
66.5%
Somalia
63.3%
Thailand
63.3%
Syria
62.2%
Algeria
60.5%
Oman
59.6%
Central African Republic
58.4%
Uganda
58.2%
Chad
57.8%
Laos
57.6%
Democratic Republic of the Congo
56.4%
Country % Correct
United Arab Emirates
56.2%
Cambodia
55.7%
Uzbekistan
54.5%
Palestine
53.5%
Turkmenistan
53%
Kazakhstan
52.3%
Rwanda
51.6%
Burundi
50.9%
Qatar
49.4%
Angola
48.1%
Tajikistan
46.6%
Azerbaijan
45.9%
Republic of the Congo
45.7%
Eritrea
43.4%
Belarus
39.3%
Nicaragua
37.3%
Cameroon
36.8%
Eswatini
36.1%
Brunei
31.6%
Equatorial Guinea
27.2%
Afghanistan
23.3%
Yemen
21.7%
Ethiopia
18.1%
Bahrain
16.6%
Djibouti
15%
Myanmar
13.4%
Gabon
12%

From the Vault

Boston Red Sox 25+ HR Season

by jgrub7

Sports 10m
They didn't call him 'Big Papi' because of all the singles he hit.
Remove Ads.
Support Sporcle.
Get the best of Sporcle when you Go Orange. This ad-free experience offers more features, more stats, and more fun while also helping to support Sporcle. Thank you for becoming a member.

Show Comments

Extras

Top Quizzes Today


Score Distribution

Your Account Isn't Verified!

In order to create a playlist on Sporcle, you need to verify the email address you used during registration. Go to your Sporcle Settings to finish the process.

Report this User

Report this user for behavior that violates our Community Guidelines.

Details: